书目信息 |
| 书名: | A manual of English for the overseas doctor | |
| 作者: | Joy Parkinson | |
| 分册号: | ||
| 分册名: | 出版地: | Edinburgh ; |
|
| 出版社: | Churchill Livingstone : distributed in the U.S. by Longman | |
| 出版时间: | 1976. | |
| 页数: | 208 p. ; | |
| 开本: | 19 cm. | |
| 丛书名: | ||
| 中图分类号: | ||
| 科图分类号: | ||
| 其他分类号: | H31-62 | |
| 主题词: | ||
| 电子资源: | ||
| 000 | 01134nam 2200325 a 4500 | |
| 001 | E0761678908 | |
| 005 | 20070227171348.85 | |
| 008 | uu | |
| 008 | 750731s1976 stk 00110 eng | |
| 010 | @a75013876 //r873 | |
| 020 | @a044301308X :@cCNY0.90. | |
| 043 | @ae-uk--- | |
| 049 | @aN5LA | |
| 050 | 0 | @aR123 @b.P37 1976 |
| 060 | @aPE1131 P247m | |
| 082 | @a610/.1/4 | |
| 090 | @aH31-62 | |
| 099 | @dH31-62@ex128=2 | |
| 100 | 10 | @aParkinson, Joy. |
| 245 | 12 | @aA manual of English for the overseas doctor / @cJoy Parkinson |
| 250 | @a2nd ed. | |
| 260 | 0 | @aEdinburgh ;@aNew York :@bChurchill Livingstone : distributed in the U.S. by Longman,@c1976. |
| 300 | @a208 p. ;@c19 cm. | |
| 500 | @aIncludes index. | |
| 650 | 0 | @aEnglish language @xTextbooks for foreign speakers. |
| 650 | 2 | @aMedicine @xPhrase books @xEnglish. @b00 @c20020930 @lNLC09 @h2247 @lNLC09 @h2309 @lNLC09 @h1900 |
| 650 | 0 | @aMedicine @xLanguage. |
| 650 | 0 | @aEnglish language @xConversation and phrase books (for medical personnel) |
| 650 | 0 | @aMedicine @zGreat Britain. |
| 852 | 9 | @bWWJC @cJ08S @k2 @hH319.4-62 @iPJ/1976 |
| A manual of English for the overseas doctor / / Joy Parkinson.-2nd ed.-Edinburgh ; ; New York : : Churchill Livingstone : distributed in the U.S. by Longman, , 1976. |
| 208 p. ; ; 19 cm. |
| Includes index. |
| ISBN 044301308X :CNY0.90. |
| ● |
| 相关链接 |
|
|
|
|
正题名:manual of English for the overseas doctor
索取号:H31-62/x128=2
 
预约/预借
| 序号 | 登录号 | 条形码 | 馆藏地/架位号 | 状态 | 备注 |
| 1 | 49124 | 001037826 | 第四借阅区/ [索取号:H31-62/x128=2] | 在馆 | |
| 2 | 49125 | 001037835 | 第四借阅区/ [索取号:H31-62/x128=2] | 在馆 | |
| 3 | 49126 | 001037782 | 第四借阅区/ [索取号:H31-62/x128=2] | 在馆 | |
| 4 | 49127 | 001037862 | 第四借阅区/ [索取号:H31-62/x128=2] | 在馆 | |
| 5 | 49128 | 001037791 | 第四借阅区/ [索取号:H31-62/x128=2] | 在馆 |